[Event "Wch U18 Girls"]
[Site "Al Ain"]
[Date "2013.??.??"]
[Round "1"]
[White "Abeer, Ali"]
[Black "Vujnovic, Patricija"]
[Result "0-1"]
[WhiteElo "1655"]
[BlackElo "2081"]
[PlyCount "152"]
[EventDate "2013.12.18"]
[EventType "swiss"]
[EventRounds "11"]
[EventCountry "UAE"]
[SourceTitle "CBM 158 Extra"]
[Source "ChessBase"]
[SourceDate "2014.02.28"]
[SourceVersion "1"]
[SourceVersionDate "2014.02.28"]
[SourceQuality "1"]

1. e4 c6 2. d4 d5 3. exd5 cxd5 4. c3 Nc6 5. Bd3 Nf6 6. Bf4 Bg4 7. Qb3 Qd7 8. Nd2 e6 9. Ngf3 Bxf3 10. Nxf3 Bd6 11. Bg3 0-0 12. 0-0 Bxg3 13. hxg3 a6 14. a4 Qc7 15. Rfe1 Nd7 16. Qc2 h6 17. Qe2 Rac8 18. Qd1 Rb8 19. Rc1 b5 20. axb5 axb5 21. b4 Rfc8 22. Qc2 Qb7 23. Qe2 Nb6 24. Nd2 Nd7 25. f4 Nd8 26. Nb3 Qc6 27. Na5 Qb6 28. Nb3 Nc6 29. Nc5 Nxc5 30. dxc5 Qb7 31. Ra1 d4 32. cxd4 Nxb4 33. Rab1 Nxd3 34. Qxd3 b4 35. Rb3 Qb5 36. Qxb5 Rxb5 37. Reb1 Rcb8 38. Kf2 Kf8 39. Ke3 f6 40. Kd3 e5 41. Kc4 exd4 42. Kxd4 Rc8 43. Rc1 Ke7 44. Rc4 Rd8+ 45. Ke4 Rc8 46. Kd5 Kd7 47. Rbxb4 Rcxc5+ 48. Rxc5 Rxb4 49. Ra5 Rb7 50. Ra2 Ke7 51. Re2+ Kf7 52. g4 Rb3 53. Rf2 Rg3 54. g5 hxg5 55. fxg5 Rxg5+ 56. Ke4 Rg4+ 57. Kf3 f5 58. g3 Ra4 59. Rc2 g5 60. Rc7+ Kg6 61. Rc6+ Kh5 62. Rc3 g4+ 63. Ke2 Ra2+ 64. Kd3 Rg2 65. Kd4 Kg5 66. Re3 Rf2 67. Kd3 Ra2 68. Kd4 Ra4+ 69. Ke5 Ra5+ 70. Kd4 f4 71. gxf4+ Kxf4 72. Re1 Ra4+ 73. Kd3 Ra3+ 74. Kd2 g3 75. Rf1+ Rf3 76. Rg1 Rf2+ 0-1

[Event "World ol U16 10th"]
[Site "Kocaeli"]
[Date "2011.10.30"]
[Round "9.4"]
[White "Ulusoy, Nisan"]
[Black "Abeer, Ali"]
[Result "1-0"]
[WhiteElo "1646"]
[BlackElo "1623"]
[PlyCount "63"]
[EventDate "2011.10.24"]
[EventType "team-swiss"]
[EventRounds "10"]
[EventCountry "TUR"]
[SourceTitle "EXT 2012"]
[Source "ChessBase"]
[SourceDate "2011.11.24"]
[SourceVersion "1"]
[SourceVersionDate "2011.11.24"]
[SourceQuality "1"]
[WhiteTeam "Turkey III"]
[BlackTeam "United Arab Emirates III"]
[WhiteTeamCountry "TUR"]
[BlackTeamCountry "UAE"]

1. e4 c6 2. d4 g6 3. c3 Bg7 4. Be3 d5 5. Nd2 e6 6. g3 Nd7 7. Bg2 Ne7 8. Ne2 0-0 9. c4 dxe4 10. Nxe4 Nb6 11. Qc2 Nf5 12. Rd1 Qe7 13. 0-0 h6 14. Nf4 e5 15. dxe5 Qxe5 16. Bc5 Re8 17. Rfe1 Ne7 18. Bxb6 axb6 19. Nd6 Bf5 20. Be4 Red8 21. Bxf5 Qf6 22. Be6 fxe6 23. Rxe6 Qg5 24. h4 Qc5 25. Nxb7 Rxd1+ 26. Qxd1 Qb4 27. a3 Qxb2 28. Rxe7 Qxa3 29. Qd7 Qa1+ 30. Kg2 Qf6 31. Nd6 Rf8 32. Ne8 1-0

[Event "World ol U16 10th"]
[Site "Kocaeli"]
[Date "2011.10.29"]
[Round "8.12"]
[White "Abeer, Ali"]
[Black "Majed Ali, Abdouli"]
[Result "1/2-1/2"]
[WhiteElo "1623"]
[BlackElo "1506"]
[PlyCount "128"]
[EventDate "2011.10.24"]
[EventType "team-swiss"]
[EventRounds "10"]
[EventCountry "TUR"]
[SourceTitle "EXT 2012"]
[Source "ChessBase"]
[SourceDate "2011.11.24"]
[SourceVersion "1"]
[SourceVersionDate "2011.11.24"]
[SourceQuality "1"]
[WhiteTeam "United Arab Emirates III"]
[BlackTeam "United Arab Emirates II"]
[WhiteTeamCountry "UAE"]
[BlackTeamCountry "UAE"]

1. e4 e6 2. d4 d5 3. Nc3 Nf6 4. Bg5 Bb4 5. exd5 exd5 6. Qf3 Be7 7. 0-0-0 Bg4 8. Qe3 Bxd1 9. Bxf6 gxf6 10. Nxd1 Nc6 11. Nf3 a6 12. Bd3 Qd7 13. h3 h5 14. Be2 0-0-0 15. Qb3 Qd6 16. Ne3 Qb4 17. Qxb4 Bxb4 18. c3 Be7 19. Nf5 Bd6 20. Bd3 Bf4+ 21. Kc2 Rde8 22. g3 Bg5 23. h4 Bh6 24. a4 a5 25. Nh2 Ne7 26. Nxh6 Rxh6 27. g4 Rg8 28. f3 Rgh8 29. g5 fxg5 30. hxg5 Rd6 31. Ng4 Ng8 32. Ne5 Ne7 33. Nxf7 Rdd8 34. Nxh8 Rxh8 35. f4 Rf8 36. Rxh5 Rxf4 37. g6 Rf2+ 38. Kb3 Rg2 39. Bf5+ Nxf5 40. Rxf5 Rxg6 41. Rxd5 b6 42. Re5 Rg2 43. Re3 Kd7 44. Ka3 Rc2 45. Kb3 Rg2 46. Rd3 Kd6 47. c4 Rh2 48. Kc3 Rg2 49. b4 axb4+ 50. Kxb4 Rb2+ 51. Rb3 Rd2 52. d5 c6 53. dxc6 Kxc6 54. Ra3 Rb2+ 55. Rb3 Rc2 56. Rg3 Rb2+ 57. Kc3 Ra2 58. Kb3 Ra1 59. Rg6+ Kc5 60. Rg5+ Kc6 61. Rg2 Rb1+ 62. Rb2 Rc1 63. Kb4 Ra1 64. Rb3 Rc1 1/2-1/2